000 00343nam a22001457a 4500
003 OSt
005 20160727222347.0
008 160621b xxu||||| |||| 00| 0 eng d
040 _cTEST
100 _9280
_aBinkley, L, J
245 _aConflict of Ideas
260 _aN.Y
_b Van nostrand com.
_c1969
300 _aConflict of Ideas
942 _2ddc
_cBK
999 _c227
_d227